| 000 | 00720nam a22002057a 4500 | ||
|---|---|---|---|
| 005 | 20140611113954.0 | ||
| 010 | _aB-504751-757 | ||
| 020 |
_a9781846142970 _c799.00 |
||
| 035 | _aB-504751-757 | ||
| 037 |
_adpl _bK.K.Pub/Ven |
||
| 082 | _a341.23092 | ||
| 100 | _aAnnan, Kofi | ||
| 245 |
_aInterventions: _ba life in war and peace/ _cby Kofi Annan with Nader Mousavizadeh |
||
| 260 |
_aNew Delhi _bPenguin Group _c2012 |
||
| 270 |
_a11 Community Centre,Panchsheel _bNew Delhi _e110017 |
||
| 300 |
_a383p.: _bill. _c23cm(Hb) |
||
| 500 | _aincludes index | ||
| 942 |
_2ddc _cEN _h341.23092 _mANN |
||
| 999 |
_c85011 _d85011 |
||